000 00303nam a22001337a 4500
008 170614b xxu||||| |||| 00| 0 eng d
020 _a0890090491
041 _aeng
080 _a94(4)
100 _a17
101 _aSHH
245 _aHITLER'S GENERALS AND THEIR BATTLES
_cCHARTWEIL
942 _2udc
_cBK
999 _c17435
_d17435